00306pam a2200109 a 4500020000500000041000500005082001200010100005500022245005900077260005200136300000800188 c h a658 .15 aBRIGHAM (Eugene F.)/ EHRHARDT (Michael C.)eauthor aFinancial Management: Text and CaseshTextual Document bCengage Learning India Pvt. Ltd New Delhic2009 a802